000 01379nam0a22002651i 4500
001 rc\4822856
005 20240724154915.0
021 _aRU
_b[68-26149]
035 _a(NLR Aleph) 008883660
090 _a8597857
_c8597857
100 _a20130426d1968 |||y0rusy50 ca
101 0 _arus
102 _aRU
105 _ay d |||||
200 1 _aКоррелятивные соотношения между функциями пищеварительного аппарата и напряжением кислорода в тканях организма при действии физических факторов
_e(Эксперим. исследования)
_eАвтореферат дис. на соискание учен. степени д-ра мед. наук
_fЦентр. науч.-исслед. ин-т курортологии и физиотерапии
210 _aМосква
_d1968
215 _a24 с.
320 _aСписок работ авт.: с. 22-24 (22 назв.)
606 _aПищеварительные органы
_xДействие физических и физиотерапевтических факторов
_2psbo
606 _aКислород
_xСодержание в организме
_2psbo
700 1 _aШолохов
_bС.В.
801 0 _aRU
_bNLR
_gpsbo
801 1 _aRU
_bELAR
_2rusmarc
852 _aNLR
_j68-6/9259
942 _cBOOK